000 00257nam a2200121Ia 4500
008 190216s9999||||xx |||||||||||||| ||und||
100 _aDeveshray
245 0 _aHindi-Gatha Mayorisal
260 _bNaishan
300 _a174
650 _aHindi
942 _cBK
999 _c16378
_d16378